00545nam a2200181 a 45000010010000000030011000100080041000210350026000620820014000881000020001022450025001222600034001476500012001819420012001939520106002059980037003119990015003480000-8982ELIB.Books110520 1991  a(ELIB.Books)0000-9131 a266 bBos aBosch, David J. aTransforming Mission bMaryknoll: Orbis Books c1991 aMission 2ddccBK 00102ddc4070aKBTSbKBTSd2011-05-20l0p10640, 14454, 14455,r2022-01-22 00:00:00w2022-01-22yBK cbate2011-05-20mcatu2019-06-27 c8982d8982